LEED-new construction project management (Record no. 112169)
[ view plain ]
| 000 -LEADER | |
|---|---|
| fixed length control field | 01889cam a22002535a 4500 |
| 001 - CONTROL NUMBER | |
| control field | L152696 |
| 008 - FIXED-LENGTH DATA ELEMENTS--GENERAL INFORMATION | |
| fixed length control field | 110413s2010 xxk f 000 0 eng d |
| 020 ## - INTERNATIONAL STANDARD BOOK NUMBER | |
| International Standard Book Number | 9780071744461 |
| 035 ## - SYSTEM CONTROL NUMBER | |
| System control number | (Sirsi) u152696 |
| 041 0# - LANGUAGE CODE | |
| Language code of text/sound track or separate title | eng |
| 050 04 - LIBRARY OF CONGRESS CALL NUMBER | |
| Classification number | 624.06 |
| 100 1# - MAIN ENTRY--PERSONAL NAME | |
| Personal name | Yellamraju, Vijaya |
| 245 00 - TITLE STATEMENT | |
| Title | LEED-new construction project management |
| Medium | [electronic resource] |
| 260 ## - PUBLICATION, DISTRIBUTION, ETC. | |
| Place of publication, distribution, etc. | London |
| Name of publisher, distributor, etc. | McGraw-Hill Professionalc2010 |
| 300 ## - PHYSICAL DESCRIPTION | |
| Extent | eBook |
| 520 ## - SUMMARY, ETC. | |
| Summary, etc. | This GreenSource book explains how to integrate LEED-New Construction (NC) rating system requirements into the building design and construction processes. Project planning, goals, coordination, implementation, and documentation are covered in detail. "LEED-New Construction Project Management" provides a tested framework for taking a project from inception to successful certification and shows you how to master the tools to make the process more efficient. Three in-depth case studies covering new commercial building construction, major renovations, and a portfolio of buildings highlight the strategies presented in the book. "LEED-New Construction Project Management" covers: the LEED rating system and LEED-NC credit categories; the project management process; project definition and goal setting; design phase integration; construction phase implementation; the LEED process: adaptability, applicability, and best practices; future trends; and, credit implementations: sustainable sites; water efficiency; energy and atmosphere; materials and resources; indoor environmental quality; and, innovation in design. |
| 590 ## - LOCAL NOTE (RLIN) | |
| Local note | KA NTK |
| 650 24 - SUBJECT ADDED ENTRY--TOPICAL TERM | |
| Topical term or geographic name entry element | EBOOK |
| 651 #4 - SUBJECT ADDED ENTRY--GEOGRAPHIC NAME | |
| Geographic name | United States 1959- |
| 651 #4 - SUBJECT ADDED ENTRY--GEOGRAPHIC NAME | |
| Geographic name | United Kingdom |
| Chronological subdivision | |
| 690 ## - LOCAL SUBJECT ADDED ENTRY--TOPICAL TERM (OCLC, RLIN) | |
| Topical term or geographic name as entry element | ENVIRONMENTAL AND LAND CONSULTANCY-ENERGY-ENERGY USE-ENERGY EFFICIENCY |
| 856 40 - ELECTRONIC LOCATION AND ACCESS | |
| Uniform Resource Identifier | <a href="https://www.vlebooks.com/">https://www.vlebooks.com/</a> |
| Public note | View on VLEbooks. Logins for members only from [email protected] |
| 942 ## - ADDED ENTRY ELEMENTS (KOHA) | |
| Suppress in OPAC | 0 |
| Withdrawn status | Lost status | Source of classification or shelving scheme | Damaged status | Not for loan | Home library | Current library | Shelving location | Date acquired | Total Checkouts | Full call number | Barcode | Date last seen | Copy number | Price effective from | Koha item type |
|---|---|---|---|---|---|---|---|---|---|---|---|---|---|---|---|
| Dewey Decimal Classification | Virtual | Virtual | Online | 13/04/2011 | EBOOK | 152696-1001 | 06/08/2019 | 1 | 06/08/2019 | Book |